| 000 | 00000nam##2200000za#4500 |
| 001 | 9.575522 |
| 003 | CaOODSP |
| 005 | 20210624184714 |
| 007 | cr ||||||||||| |
| 008 | 150406|2007||||xxc|||||o f|0| 0 eng|d |
| 040 | |aCaOODSP|beng |
| 043 | |an-cn--- |
| 086 | 1 |aTU3-5/07-45E-PDF |
| 110 | 2 |aTransportation Safety Board of Canada. |
| 245 | 10|aCollision with terrain - Piper Cub J3C-65 C-FIUH Essex, Ontario, 30 June 2007 |h[electronic resource] |
| 260 | |aGatineau - Quebec : |bTransportation Safety Board of Canada |c[2007]. |
| 300 | |a4p. |
| 490 | 1 |aAviation investigation report |vA07O0165 |
| 590 | |a13-02-Supp|b2013-01-11 |
| 775 | 08|tCollision avec le relief du Piper Cub J3C-65 C-FIUH à Essex (Ontario), le 30 juin 2007 |w(CaOODSP)9.605042 |
| 830 | #0|aAviation investigation report ;|vA07O0165|w(CaOODSP)9.504825 |
| 856 | 40|ahttp://publications.gc.ca|qPDF|s138 KB|uhttps://publications.gc.ca/collections/collection_2012/bst-tsb/TU3-5-07-45-eng.pdf|yA07O0165 |